000 00551nam a2200181 a 4500
001 000039633
005 20201002033642.0
008 130712s1992 xxu 000 0 spa d
020 _a067973631x
040 _aDO-SdBNP
_bspa
_cBNPHU
082 _axxx
100 1 _aTimerman, Jacobo,
_d1923-
_965814
240 1 0 _aCuba hoy, y después
_lespañol
245 1 0 _aCuba a journey /
_cJacobo Timerman ; traducido del español Toby Talbot.
260 _aNew York :
_bVintage Books,
_c1992.
300 _a129 p. ;
_c21 cm.
700 1 _aTalbot, Toby,
_etr.
_965815
999 _c39123
_d39123